000 00788nam a2200241Ia 4500
003 OSt
005 20221006164013.0
006 a|||||r|||| 00| 0
007 ta
008 221006b |||||||| |||| 00| 0 hin d
024 _a7,289
037 _cTheseses
040 _aFML
_cFML
_bhin
041 _2hin
_ahin
100 _aChoudhary Subhash Rani Au.
_9676411
110 _aDelhi University. Faculty of Music and Fine Arts. Department of Music
245 0 _aSwatantrottar Kaal Main Hindustani Shashtriya Sangeet Ka Shashtra Paksh Ke Vishesh Sandarbh Main Ek Aadhyayan
260 _c1989
300 _a840
_ccm.
700 _aDelhi University. Faculty of Music and Fine Arts. Department of Music
942 _cDIS
_2CC
999 _c1115951
_d1115951